[Event "Deutsche Blitz-Einzelmeisterschaft der Frauen 2021"]
[Site "Magdeburg"]
[Date "2021.08.01"]
[Round "17"]
[Board "11"]
[White "Moenster, Madita"]
[Black "Brunner, Sophia"]
[Result "1-0"]
[WhiteElo "1889"]
[BlackElo "1741"]
[PlyCount "0"]
[EventDate "2021.08.01"]
[EventRounds "21"]
[EventCountry "GER"]

1. e4 {[%clk 0:03:03]} e6 {[%clk 0:03:00]} 2. d4 {[%clk 0:03:03]} d5 {[%clk
0:03:02]} 3. Nc3 {[%clk 0:03:04]} dxe4 {[%clk 0:03:03]} 4. Nxe4 {[%clk 0:03:04]}
Nf6 {[%clk 0:03:05]} 5. Bg5 {[%clk 0:03:02]} Be7 {[%clk 0:03:06]} 6. Bxf6 {[%clk
0:02:50]} Bxf6 {[%clk 0:03:07]} 7. c3 {[%clk 0:02:48]} O-O {[%clk 0:03:02]} 8.
Bd3 {[%clk 0:02:48]} h6 {[%clk 0:03:01]} 9. Nf3 {[%clk 0:02:39]} Nd7 {[%clk
0:02:47]} 10. O-O {[%clk 0:02:47]} Qe7 {[%clk 0:02:38]} 11. Re1 {[%clk 0:02:41]}
c5 {[%clk 0:02:33]} 12. Nxf6+ {[%clk 0:02:27]} Nxf6 {[%clk 0:02:20]} 13. Bc2
{[%clk 0:02:16]} cxd4 {[%clk 0:02:06]} 14. Qxd4 {[%clk 0:02:05]} b6 {[%clk
0:02:02]} 15. Rad1 {[%clk 0:01:51]} Bb7 {[%clk 0:02:03]} 16. Ne5 {[%clk 0:01:45]}
Rad8 {[%clk 0:01:47]} 17. Qe3 {[%clk 0:01:40]} Rxd1 {[%clk 0:01:45]} 18. Rxd1
{[%clk 0:01:41]} Rd8 {[%clk 0:01:35]} 19. Qe2 {[%clk 0:01:37]} Rd6 {[%clk
0:01:29]} 20. Nc4 {[%clk 0:01:20]} Rd5 {[%clk 0:01:12]} 21. Ne3 {[%clk 0:01:15]}
Rxd1+ {[%clk 0:00:53]} 22. Qxd1 {[%clk 0:01:02]} Qd7 {[%clk 0:00:53]} 23. Qxd7
{[%clk 0:00:53]} Nxd7 {[%clk 0:00:56]} 24. Nc4 {[%clk 0:00:59]} Bd5 {[%clk
0:00:39]} 25. b3 {[%clk 0:00:38]} Bxc4 {[%clk 0:00:40]} 26. bxc4 {[%clk 0:00:40]}
Nc5 {[%clk 0:00:37]} 27. f3 {[%clk 0:00:38]} Kf8 {[%clk 0:00:39]} 28. Kf2 {[%clk
0:00:39]} Ke7 {[%clk 0:00:40]} 29. Ke3 {[%clk 0:00:40]} Kd6 {[%clk 0:00:37]} 30.
Kd4 {[%clk 0:00:40]} e5+ {[%clk 0:00:25]} 31. Ke3 {[%clk 0:00:40]} Nd7 {[%clk
0:00:24]} 32. g3 {[%clk 0:00:36]} Nb8 {[%clk 0:00:18]} 33. f4 {[%clk 0:00:36]}
Nc6 {[%clk 0:00:19]} 34. Ke4 {[%clk 0:00:32]} f6 {[%clk 0:00:15]} 35. a4 {[%clk
0:00:26]} Na5 {[%clk 0:00:11]} 36. Bd3 {[%clk 0:00:24]} Nb3 {[%clk 0:00:12]} 37.
fxe5+ {[%clk 0:00:18]} fxe5 {[%clk 0:00:10]} 38. Kf5 {[%clk 0:00:19]} Nc5 {[%clk
0:00:09]} 39. Bc2 {[%clk 0:00:20]} a5 {[%clk 0:00:10]} 40. Kg6 {[%clk 0:00:20]}
Ne6 {[%clk 0:00:11]} 41. Bf5 {[%clk 0:00:19]} Nc5 {[%clk 0:00:12]} 42. Kxg7
{[%clk 0:00:16]} Nxa4 {[%clk 0:00:14]} 43. Kxh6 {[%clk 0:00:16]} Nxc3 {[%clk
0:00:15]} 44. g4 {[%clk 0:00:17]} e4 {[%clk 0:00:14]} 45. g5 {[%clk 0:00:17]} e3
{[%clk 0:00:15]} 46. Bd3 {[%clk 0:00:16]} e2 {[%clk 0:00:04]} 47. Bxe2 {[%clk
0:00:16]} Nxe2 {[%clk 0:00:04]} 48. g6 {[%clk 0:00:17]} a4 49. g7 {[%clk
0:00:17]} Nf4 50. g8=Q {[%clk 0:00:17]}  1-0

[Event "Deutsche Blitz-Einzelmeisterschaft der Frauen 2021"]
[Site "Magdeburg"]
[Date "2021.08.01"]
[Round "18"]
[Board "1"]
[White "Wulf, Constanze"]
[Black "Brunner, Sophia"]
[Result "0-1"]
[WhiteElo "1817"]
[BlackElo "1741"]
[PlyCount "0"]
[EventDate "2021.08.01"]
[EventRounds "21"]
[EventCountry "GER"]

1. e4 {[%clk 0:03:03]} e6 {[%clk 0:02:54]} 2. d3 {[%clk 0:03:04]} d5 {[%clk
0:02:54]} 3. Nd2 {[%clk 0:03:05]} Nf6 {[%clk 0:03:00]} 4. Ngf3 {[%clk 0:03:04]}
c5 {[%clk 0:02:54]} 5. g3 {[%clk 0:03:02]} Nc6 {[%clk 0:02:54]} 6. Bg2 {[%clk
0:03:03]} dxe4 {[%clk 0:02:52]} 7. dxe4 {[%clk 0:03:04]} e5 {[%clk 0:02:41]} 8.
c3 {[%clk 0:03:01]} h6 {[%clk 0:02:25]} 9. O-O {[%clk 0:03:00]} Be6 {[%clk
0:02:26]} 10. Re1 {[%clk 0:02:51]} Bd6 {[%clk 0:02:27]} 11. Qc2 {[%clk 0:02:51]}
O-O {[%clk 0:02:25]} 12. Nf1 {[%clk 0:02:51]} b5 {[%clk 0:02:24]} 13. Ne3 {[%clk
0:02:44]} b4 {[%clk 0:02:23]} 14. cxb4 {[%clk 0:02:39]} Nxb4 {[%clk 0:02:20]} 15.
Qc3 {[%clk 0:02:33]} Nxe4 {[%clk 0:02:15]} 16. Qa3 {[%clk 0:02:05]} f5 {[%clk
0:02:05]} 17. Bd2 {[%clk 0:01:44]} a5 {[%clk 0:01:48]} 18. Rac1 {[%clk 0:01:41]}
Rb8 {[%clk 0:01:12]} 19. Nc4 {[%clk 0:01:40]} Bxc4 {[%clk 0:01:06]} 20. Rxc4
{[%clk 0:01:41]} Bc7 {[%clk 0:00:44]} 21. Bxb4 {[%clk 0:01:33]} cxb4 {[%clk
0:00:36]} 22. Qe3 {[%clk 0:01:20]} Bb6 {[%clk 0:00:34]} 23. Qb3 {[%clk 0:01:10]}
Kh7 {[%clk 0:00:29]} 24. Rcxe4 {[%clk 0:00:47]} fxe4 {[%clk 0:00:27]} 25. Rxe4
{[%clk 0:00:48]} Bd4 {[%clk 0:00:24]} 26. Qe6 {[%clk 0:00:43]} Rf6 {[%clk
0:00:23]} 27. Qg4 {[%clk 0:00:41]} Qc7 {[%clk 0:00:16]} 28. Nh4 {[%clk 0:00:41]}
Qc1+ {[%clk 0:00:16]} 29. Bf1 {[%clk 0:00:40]} Bxf2+ {[%clk 0:00:16]} 30. Kg2
{[%clk 0:00:40]} Qg5 {[%clk 0:00:14]} 31. Qe2 {[%clk 0:00:38]} Bd4 {[%clk
0:00:10]} 32. Nf3 {[%clk 0:00:39]} Qc1 {[%clk 0:00:09]} 33. Nxd4 {[%clk 0:00:39]}
exd4 {[%clk 0:00:11]} 34. Rxd4 {[%clk 0:00:40]} Qc6+ {[%clk 0:00:12]} 35. Kg1
{[%clk 0:00:41]} Rbf8 {[%clk 0:00:03]} 36. Qd3+ {[%clk 0:00:41]} g6 {[%clk
0:00:09]} 37. Rd7+ {[%clk 0:00:32]} R8f7 {[%clk 0:00:10]} 38. Rxf7+ {[%clk
0:00:32]} Rxf7 {[%clk 0:00:11]} 39. Qd2 {[%clk 0:00:24]} Qc5+ {[%clk 0:00:11]}
40. Kh1 {[%clk 0:00:24]} Rxf1+ {[%clk 0:00:09]} 41. Kg2 {[%clk 0:00:25]} Rf7
{[%clk 0:00:07]} 42. Kh3 {[%clk 0:00:20]} Qc6 {[%clk 0:00:08]} 43. Qe3 {[%clk
0:00:17]} Qd7+ {[%clk 0:00:09]} 44. Kg2 {[%clk 0:00:18]} Qf5 {[%clk 0:00:10]} 45.
Qe8 {[%clk 0:00:12]} Qf1# {[%clk 0:00:10]}  0-1

[Event "Deutsche Blitz-Einzelmeisterschaft der Frauen 2021"]
[Site "Magdeburg"]
[Date "2021.08.01"]
[Round "18"]
[Board "2"]
[White "Ries, Jutta"]
[Black "Moenster, Madita"]
[Result "0-1"]
[WhiteElo "2094"]
[BlackElo "1889"]
[PlyCount "0"]
[EventDate "2021.08.01"]
[EventRounds "21"]
[EventCountry "GER"]

1. f4 {[%clk 0:03:03]} d5 {[%clk 0:02:54]} 2. Nf3 {[%clk 0:03:03]} Nf6 {[%clk
0:02:54]} 3. b3 {[%clk 0:03:03]} Bg4 {[%clk 0:03:01]} 4. e3 {[%clk 0:02:44]} e6
{[%clk 0:03:02]} 5. Bb2 {[%clk 0:03:04]} Be7 {[%clk 0:03:02]} 6. h3 {[%clk
0:02:58]} Bxf3 {[%clk 0:03:02]} 7. Qxf3 {[%clk 0:02:59]} Ne4 {[%clk 0:02:59]} 8.
Rg1 {[%clk 0:01:54]} Bf6 {[%clk 0:02:52]} 9. d4 {[%clk 0:01:34]} c5 {[%clk
0:02:49]} 10. Bb5+ {[%clk 0:01:28]} Nc6 {[%clk 0:02:49]} 11. Bxc6+ {[%clk
0:01:26]} bxc6 {[%clk 0:02:50]} 12. c3 {[%clk 0:01:04]} O-O {[%clk 0:02:42]} 13.
g4 {[%clk 0:00:56]} cxd4 {[%clk 0:02:34]} 14. exd4 {[%clk 0:01:05]} c5 {[%clk
0:02:31]} 15. g5 {[%clk 0:00:54]} Be7 {[%clk 0:02:31]} 16. Nd2 {[%clk 0:00:53]}
Nxd2 {[%clk 0:02:21]} 17. Kxd2 {[%clk 0:00:54]} cxd4 {[%clk 0:02:21]} 18. cxd4
{[%clk 0:00:54]} Rc8 {[%clk 0:02:19]} 19. Rgc1 {[%clk 0:00:52]} Qa5+ {[%clk
0:02:15]} 20. Bc3 {[%clk 0:00:53]} Qb6 {[%clk 0:02:08]} 21. Qd3 {[%clk 0:00:42]}
Rc6 {[%clk 0:01:57]} 22. Rc2 {[%clk 0:00:43]} Rfc8 {[%clk 0:01:44]} 23. Rac1
{[%clk 0:00:44]} f6 {[%clk 0:01:28]} 24. h4 {[%clk 0:00:43]} e5 {[%clk 0:01:07]}
25. dxe5 {[%clk 0:00:36]} fxe5 {[%clk 0:01:00]} 26. fxe5 {[%clk 0:00:21]} Qf2+
{[%clk 0:00:44]} 27. Qe2 {[%clk 0:00:22]} Qf4+ {[%clk 0:00:42]} 28. Qe3 {[%clk
0:00:21]} Qxh4 {[%clk 0:00:40]} 29. Bd4 {[%clk 0:00:19]} Bb4+ {[%clk 0:00:38]}
30. Kd3 {[%clk 0:00:17]} Rxc2 {[%clk 0:00:19]} 31. Rxc2 {[%clk 0:00:19]} Qg4
{[%clk 0:00:19]} 32. Rxc8+ {[%clk 0:00:20]} Qxc8 {[%clk 0:00:21]} 33. e6 {[%clk
0:00:19]} Be7 {[%clk 0:00:21]} 34. Qe5 {[%clk 0:00:18]} Qf8 {[%clk 0:00:20]} 35.
Qxd5 {[%clk 0:00:18]} Qf1+ {[%clk 0:00:19]} 36. Kd2 {[%clk 0:00:15]} Bb4+ {[%clk
0:00:16]} 37. Kc2 {[%clk 0:00:14]} Qe2+ {[%clk 0:00:16]} 38. Kc1 {[%clk 0:00:10]}
Ba3+ {[%clk 0:00:16]} 39. Bb2 {[%clk 0:00:09]} Bxb2+ {[%clk 0:00:15]} 40. Kb1
{[%clk 0:00:11]} Ba3 {[%clk 0:00:08]} 41. Qd8+ {[%clk 0:00:11]} Bf8 {[%clk
0:00:08]} 42. e7 {[%clk 0:00:12]} Qxe7 {[%clk 0:00:08]} 43. Qd5+ {[%clk 0:00:13]}
Qf7 {[%clk 0:00:09]} 44. Qg2 {[%clk 0:00:13]} Qf5+ {[%clk 0:00:10]} 45. Kc1
{[%clk 0:00:12]} Qf4+ {[%clk 0:00:11]} 46. Kd1 {[%clk 0:00:13]} Be7 {[%clk
0:00:10]} 47. Qd5+ {[%clk 0:00:04]} Qf7 {[%clk 0:00:10]} 48. Qa8+ {[%clk
0:00:14]} Bf8 {[%clk 0:00:10]} 49. Qg2 {[%clk 0:00:14]} g6 {[%clk 0:00:09]} 50.
Qg4 {[%clk 0:00:14]} a5 {[%clk 0:00:05]} 51. a4 {[%clk 0:00:15]} Qxb3+ {[%clk
0:00:06]} 52. Ke1 {[%clk 0:00:16]} Bb4+ {[%clk 0:00:07]} 53. Kf1 {[%clk 0:00:18]}
Qd3+ {[%clk 0:00:08]} 54. Kf2 {[%clk 0:00:19]} Bc5+ {[%clk 0:00:09]} 55. Ke1
{[%clk 0:00:20]} Qe3+ {[%clk 0:00:09]} 56. Kd1 {[%clk 0:00:21]} Qg1+ {[%clk
0:00:09]} 57. Kc2 {[%clk 0:00:22]} Qxg4 {[%clk 0:00:10]}  0-1

[Event "Deutsche Blitz-Einzelmeisterschaft der Frauen 2021"]
[Site "Magdeburg"]
[Date "2021.08.01"]
[Round "18"]
[Board "3"]
[White "Noll, Sonja"]
[Black "Michna, Marta"]
[Result "0-1"]
[WhiteElo "1707"]
[BlackElo "2416"]
[PlyCount "0"]
[EventDate "2021.08.01"]
[EventRounds "21"]
[EventCountry "GER"]

1. e4 {[%clk 0:03:03]} e6 {[%clk 0:03:03]} 2. Nf3 {[%clk 0:03:04]} d6 {[%clk
0:03:03]} 3. Bc4 {[%clk 0:03:04]} g6 {[%clk 0:03:04]} 4. c3 {[%clk 0:03:04]} Bg7
{[%clk 0:03:05]} 5. d4 {[%clk 0:03:03]} Ne7 {[%clk 0:03:06]} 6. O-O {[%clk
0:03:03]} a6 {[%clk 0:03:07]} 7. a4 {[%clk 0:03:02]} b6 {[%clk 0:03:08]} 8. Be3
{[%clk 0:02:57]} Bb7 {[%clk 0:03:08]} 9. Nbd2 {[%clk 0:02:56]} Nd7 {[%clk
0:03:09]} 10. b4 {[%clk 0:02:55]} O-O {[%clk 0:03:05]} 11. Rc1 {[%clk 0:02:42]}
Nf6 {[%clk 0:03:00]} 12. e5 {[%clk 0:02:33]} Nfd5 {[%clk 0:02:46]} 13. exd6
{[%clk 0:02:28]} cxd6 {[%clk 0:02:47]} 14. Qe2 {[%clk 0:02:05]} Nf5 {[%clk
0:02:30]} 15. Bd3 {[%clk 0:01:52]} Rc8 {[%clk 0:02:10]} 16. Bxa6 {[%clk 0:01:40]}
Bxa6 {[%clk 0:02:10]} 17. Qxa6 {[%clk 0:01:39]} Ndxe3 {[%clk 0:02:09]} 18. fxe3
{[%clk 0:01:36]} Nxe3 {[%clk 0:02:10]} 19. Rfe1 {[%clk 0:01:33]} Nd5 {[%clk
0:02:11]} 20. Ne4 {[%clk 0:01:11]} Bh6 {[%clk 0:01:56]} 21. Rc2 {[%clk 0:01:03]}
Nxb4 {[%clk 0:01:49]} 22. Qd3 {[%clk 0:01:09]} Nxd3 {[%clk 0:01:50]}  0-1

[Event "Deutsche Blitz-Einzelmeisterschaft der Frauen 2021"]
[Site "Magdeburg"]
[Date "2021.08.01"]
[Round "18"]
[Board "4"]
[White "Kosovska, Olena"]
[Black "Zimmer, Elke"]
[Result "1-0"]
[WhiteElo "1965"]
[BlackElo "1872"]
[PlyCount "0"]
[EventDate "2021.08.01"]
[EventRounds "21"]
[EventCountry "GER"]

1. e4 {[%clk 0:03:03]} c6 {[%clk 0:03:04]} 2. d4 {[%clk 0:03:04]} d5 {[%clk
0:03:05]} 3. e5 {[%clk 0:03:05]} Bf5 {[%clk 0:03:05]} 4. Nc3 {[%clk 0:03:06]} h6
{[%clk 0:02:59]} 5. Be3 {[%clk 0:03:04]} e6 {[%clk 0:02:58]} 6. Bd3 {[%clk
0:02:54]} Bxd3 {[%clk 0:02:59]} 7. Qxd3 {[%clk 0:02:55]} Nd7 {[%clk 0:02:58]} 8.
f4 {[%clk 0:02:53]} Ne7 {[%clk 0:02:55]} 9. Nf3 {[%clk 0:02:53]} Nf5 {[%clk
0:02:52]} 10. Bf2 {[%clk 0:02:54]} c5 {[%clk 0:02:49]} 11. g4 {[%clk 0:02:45]} c4
{[%clk 0:02:48]} 12. Qe2 {[%clk 0:02:35]} Ne7 {[%clk 0:02:46]} 13. Bh4 {[%clk
0:02:31]} Qb6 {[%clk 0:02:44]} 14. O-O-O {[%clk 0:02:29]} a5 {[%clk 0:02:37]} 15.
f5 {[%clk 0:02:07]} a4 {[%clk 0:02:38]} 16. a3 {[%clk 0:02:08]} g5 {[%clk
0:02:22]} 17. fxe6 {[%clk 0:01:58]} fxe6 {[%clk 0:02:19]} 18. Be1 {[%clk
0:01:36]} Ng6 {[%clk 0:02:18]} 19. Bd2 {[%clk 0:01:30]} Be7 {[%clk 0:01:50]} 20.
Rdf1 {[%clk 0:01:12]} Rf8 {[%clk 0:01:48]} 21. Be1 {[%clk 0:01:02]} Nf4 {[%clk
0:01:47]} 22. Qd2 {[%clk 0:00:59]} Qa5 {[%clk 0:01:05]} 23. h4 {[%clk 0:00:53]}
Ra6 {[%clk 0:01:03]} 24. Bg3 {[%clk 0:00:46]} Rb6 {[%clk 0:00:37]} 25. Bxf4
{[%clk 0:00:43]} gxf4 {[%clk 0:00:35]} 26. g5 {[%clk 0:00:37]} hxg5 {[%clk
0:00:33]} 27. hxg5 {[%clk 0:00:29]}  1-0

[Event "Deutsche Blitz-Einzelmeisterschaft der Frauen 2021"]
[Site "Magdeburg"]
[Date "2021.08.01"]
[Round "18"]
[Board "5"]
[White "Braun, Kristin"]
[Black "Schneider, Birgit"]
[Result "1-0"]
[WhiteElo "1846"]
[BlackElo "1993"]
[PlyCount "0"]
[EventDate "2021.08.01"]
[EventRounds "21"]
[EventCountry "GER"]

1. e4 {[%clk 0:03:04]} c5 {[%clk 0:03:03]} 2. Nf3 {[%clk 0:03:05]} Nc6 {[%clk
0:03:04]} 3. d4 {[%clk 0:03:06]} cxd4 {[%clk 0:03:04]} 4. Nxd4 {[%clk 0:03:06]}
g6 {[%clk 0:03:05]} 5. c4 {[%clk 0:03:08]} Nf6 {[%clk 0:03:02]} 6. Nc3 {[%clk
0:03:09]} d6 {[%clk 0:03:03]} 7. Be3 {[%clk 0:03:09]} Ng4 {[%clk 0:03:03]} 8.
Nxc6 {[%clk 0:02:29]} bxc6 {[%clk 0:02:31]} 9. Bd2 {[%clk 0:02:20]} Bg7 {[%clk
0:02:26]} 10. Be2 {[%clk 0:02:28]} Nf6 {[%clk 0:02:23]} 11. O-O {[%clk 0:02:23]}
O-O {[%clk 0:02:24]} 12. f4 {[%clk 0:02:18]} Qc7 {[%clk 0:02:10]} 13. Kh1 {[%clk
0:02:16]} a5 {[%clk 0:02:07]} 14. Rc1 {[%clk 0:01:49]} Ba6 {[%clk 0:01:56]} 15.
b3 {[%clk 0:01:48]} Nd7 {[%clk 0:01:48]} 16. Bg4 {[%clk 0:01:29]} Nf6 {[%clk
0:01:35]} 17. Bf3 {[%clk 0:01:27]} Rad8 {[%clk 0:01:27]} 18. Qe1 {[%clk 0:01:16]}
Ra8 {[%clk 0:01:06]} 19. Qh4 {[%clk 0:01:11]} Bc8 {[%clk 0:00:51]} 20. g4 {[%clk
0:00:59]} Qd7 {[%clk 0:00:28]} 21. f5 {[%clk 0:00:39]} Qd8 {[%clk 0:00:22]} 22.
Bh6 {[%clk 0:00:38]} Bd7 {[%clk 0:00:19]} 23. Bxg7 {[%clk 0:00:38]} Kxg7 {[%clk
0:00:19]} 24. g5 {[%clk 0:00:37]} Ng8 {[%clk 0:00:19]} 25. Bg4 {[%clk 0:00:34]}
h6 {[%clk 0:00:11]} 26. gxh6+ {[%clk 0:00:23]} Nxh6 {[%clk 0:00:20]} 27. f6+
{[%clk 0:00:23]} exf6 {[%clk 0:00:20]} 28. Bxd7 {[%clk 0:00:12]} Qxd7 {[%clk
0:00:21]} 29. Qxf6+ {[%clk 0:00:24]} Kh7 {[%clk 0:00:22]} 30. Rf4 {[%clk
0:00:13]} Rae8 {[%clk 0:00:20]} 31. Rcf1 {[%clk 0:00:14]} Re6 {[%clk 0:00:20]}
32. Qh4 {[%clk 0:00:15]} Qe7 {[%clk 0:00:22]} 33. Qxe7 {[%clk 0:00:14]} Rxe7
{[%clk 0:00:21]} 34. Rf6 {[%clk 0:00:15]} Kg7 {[%clk 0:00:22]} 35. Rxd6 {[%clk
0:00:16]} Ng4 {[%clk 0:00:22]} 36. Rxc6 {[%clk 0:00:16]} Ne3 {[%clk 0:00:23]} 37.
Rf3 {[%clk 0:00:14]} Nc2 {[%clk 0:00:22]} 38. Rd6 {[%clk 0:00:13]} Rh8 {[%clk
0:00:22]} 39. Rd2 {[%clk 0:00:04]} Nb4 {[%clk 0:00:23]} 40. a3 {[%clk 0:00:14]}
Nc6 {[%clk 0:00:23]} 41. Nd5 {[%clk 0:00:14]} Ree8 {[%clk 0:00:23]} 42. Re2
{[%clk 0:00:15]} Ne5 {[%clk 0:00:11]} 43. Rff2 {[%clk 0:00:16]} Ng4 {[%clk
0:00:11]} 44. Rg2 {[%clk 0:00:17]} Ne5 {[%clk 0:00:11]} 45. c5 {[%clk 0:00:17]}
Rc8 {[%clk 0:00:11]} 46. b4 {[%clk 0:00:19]} axb4 {[%clk 0:00:11]} 47. axb4
{[%clk 0:00:19]} Ra8 {[%clk 0:00:26]} 48. b5 {[%clk 0:00:21]} Ra1+ {[%clk
0:00:27]} 49. Rg1 {[%clk 0:00:23]} Ra3 {[%clk 0:00:25]} 50. c6 {[%clk 0:00:22]}
Nf3 {[%clk 0:00:25]} 51. Rf1 {[%clk 0:00:22]} Rb3 {[%clk 0:00:15]} 52. b6 {[%clk
0:00:22]} Ne5 {[%clk 0:00:15]} 53. c7 {[%clk 0:00:20]} Rc8 {[%clk 0:00:06]} 54.
Ref2 {[%clk 0:00:20]} Nd3 {[%clk 0:00:13]} 55. Rxf7+ {[%clk 0:00:21]} Kh6 {[%clk
0:00:14]} 56. Rf8 {[%clk 0:00:20]} Rxf8 {[%clk 0:00:13]} 57. Rxf8 {[%clk
0:00:21]} Rb1+ {[%clk 0:00:15]} 58. Kg2 {[%clk 0:00:22]} Rb2+ {[%clk 0:00:15]}
59. Kg3 {[%clk 0:00:21]} Ne5 {[%clk 0:00:05]} 60. c8=Q {[%clk 0:00:21]} Rb3+
{[%clk 0:00:16]} 61. Nc3 {[%clk 0:00:21]}  1-0

[Event "Deutsche Blitz-Einzelmeisterschaft der Frauen 2021"]
[Site "Magdeburg"]
[Date "2021.08.01"]
[Round "18"]
[Board "6"]
[White "Schlueter, Sabrina"]
[Black "Mader, Lena"]
[Result "1/2-1/2"]
[WhiteElo "1790"]
[BlackElo "1689"]
[PlyCount "0"]
[EventDate "2021.08.01"]
[EventRounds "21"]
[EventCountry "GER"]

1. c4 {[%clk 0:03:03]} Nf6 {[%clk 0:03:03]} 2. Nc3 {[%clk 0:03:04]} g6 {[%clk
0:03:05]} 3. g3 {[%clk 0:03:05]} Bg7 {[%clk 0:03:06]} 4. Bg2 {[%clk 0:03:07]} O-O
{[%clk 0:03:07]} 5. Nf3 {[%clk 0:03:08]} d6 {[%clk 0:03:08]} 6. d3 {[%clk
0:03:09]} c6 {[%clk 0:03:07]} 7. O-O {[%clk 0:03:09]} e5 {[%clk 0:03:06]} 8. Bg5
{[%clk 0:03:10]} h6 {[%clk 0:03:06]} 9. Bd2 {[%clk 0:03:10]} Bg4 {[%clk 0:02:58]}
10. h3 {[%clk 0:03:11]} Be6 {[%clk 0:02:59]} 11. Qc1 {[%clk 0:03:12]} Kh7 {[%clk
0:03:00]} 12. Kh2 {[%clk 0:03:12]} Nbd7 {[%clk 0:02:43]} 13. e4 {[%clk 0:03:13]}
a6 {[%clk 0:02:19]} 14. a4 {[%clk 0:03:02]} Rc8 {[%clk 0:02:10]} 15. b4 {[%clk
0:03:02]} Qe7 {[%clk 0:02:08]} 16. Rb1 {[%clk 0:03:01]} b5 {[%clk 0:01:50]} 17.
axb5 {[%clk 0:02:39]} axb5 {[%clk 0:01:52]} 18. cxb5 {[%clk 0:02:28]} cxb5 {[%clk
0:01:53]} 19. Qb2 {[%clk 0:02:12]} Rb8 {[%clk 0:01:50]} 20. Be3 {[%clk 0:02:07]}
d5 {[%clk 0:01:42]} 21. exd5 {[%clk 0:01:58]} Nxd5 {[%clk 0:01:43]} 22. Nxd5
{[%clk 0:01:54]} Bxd5 {[%clk 0:01:44]} 23. Qe2 {[%clk 0:01:45]} f5 {[%clk
0:01:34]} 24. Rfc1 {[%clk 0:01:35]} Rfc8 {[%clk 0:01:26]} 25. Rxc8 {[%clk
0:01:33]} Rxc8 {[%clk 0:01:27]} 26. Bd2 {[%clk 0:01:08]} Qd6 {[%clk 0:00:53]} 27.
Ne1 {[%clk 0:00:47]} Bxg2 {[%clk 0:00:54]} 28. Nxg2 {[%clk 0:00:45]} Rc2 {[%clk
0:00:53]} 29. Ne3 {[%clk 0:00:37]} Rc8 {[%clk 0:00:49]}  1/2-1/2

[Event "Deutsche Blitz-Einzelmeisterschaft der Frauen 2021"]
[Site "Magdeburg"]
[Date "2021.08.01"]
[Round "18"]
[Board "7"]
[White "Paehtz, Elisabeth"]
[Black "Zschischang, Marine"]
[Result "1-0"]
[WhiteElo "2410"]
[BlackElo "2034"]
[PlyCount "0"]
[EventDate "2021.08.01"]
[EventRounds "21"]
[EventCountry "GER"]

1. d4 {[%clk 0:03:03]} d5 {[%clk 0:03:04]} 2. Bf4 {[%clk 0:03:03]} h5 {[%clk
0:03:04]} 3. e3 {[%clk 0:03:04]} e5 {[%clk 0:03:03]} 4. Bxe5 {[%clk 0:03:02]} f6
{[%clk 0:03:04]} 5. Nf3 {[%clk 0:02:52]} fxe5 {[%clk 0:02:55]} 6. Nxe5 {[%clk
0:02:43]} Bf5 {[%clk 0:02:47]} 7. Bd3 {[%clk 0:02:44]} Ne7 {[%clk 0:02:21]} 8.
Bxf5 {[%clk 0:02:33]} Nxf5 {[%clk 0:02:21]} 9. Qf3 {[%clk 0:02:31]} Nd6 {[%clk
0:01:55]} 10. Qxd5 {[%clk 0:02:24]} c6 {[%clk 0:01:55]} 11. Qe6+ {[%clk 0:02:00]}
Qe7 {[%clk 0:01:51]} 12. Qh3 {[%clk 0:01:59]} Rh6 {[%clk 0:01:44]} 13. Nd2 {[%clk
0:01:51]} Nd7 {[%clk 0:01:43]} 14. Ndf3 {[%clk 0:01:47]} Qe6 {[%clk 0:01:22]} 15.
Qg3 {[%clk 0:01:07]} Nxe5 {[%clk 0:00:48]} 16. Nxe5 {[%clk 0:01:08]} Nf5 {[%clk
0:00:43]} 17. Qf4 {[%clk 0:00:51]} Bd6 {[%clk 0:00:31]} 18. O-O-O {[%clk
0:00:51]} Rf6 {[%clk 0:00:25]} 19. Kb1 {[%clk 0:00:46]} O-O-O {[%clk 0:00:17]}
20. Qe4 {[%clk 0:00:37]} g6 {[%clk 0:00:09]} 21. f4 {[%clk 0:00:37]} Ne7 {[%clk
0:00:07]} 22. Rhf1 {[%clk 0:00:34]} Bxe5 {[%clk 0:00:07]} 23. fxe5 {[%clk
0:00:35]} Rxf1 {[%clk 0:00:05]} 24. Rxf1 {[%clk 0:00:35]} Nf5 {[%clk 0:00:05]}
25. c3 {[%clk 0:00:23]} Qd5 {[%clk 0:00:06]} 26. Qf3 {[%clk 0:00:18]} Qxf3 {[%clk
0:00:07]} 27. Rxf3 {[%clk 0:00:19]} Kd7 {[%clk 0:00:08]} 28. Kc2 {[%clk 0:00:20]}
Ke6 {[%clk 0:00:09]} 29. Kd2 {[%clk 0:00:20]} g5 {[%clk 0:00:09]} 30. g3 {[%clk
0:00:18]} g4 {[%clk 0:00:10]} 31. Rf4 {[%clk 0:00:18]} Ne7 {[%clk 0:00:07]} 32.
Rf6+ {[%clk 0:00:18]} Kd7 {[%clk 0:00:09]} 33. Rh6 {[%clk 0:00:18]} Rf8 {[%clk
0:00:08]} 34. Ke2 {[%clk 0:00:17]} Rf5 {[%clk 0:00:08]} 35. e4 {[%clk 0:00:18]}
Rf8 {[%clk 0:00:07]} 36. Rxh5 {[%clk 0:00:18]} Ke6 {[%clk 0:00:07]} 37. Rh6+
{[%clk 0:00:18]} Kd7 {[%clk 0:00:07]} 38. Rh4 {[%clk 0:00:20]} Rg8 {[%clk
0:00:10]} 39. Ke3 {[%clk 0:00:20]} b6 {[%clk 0:00:09]} 40. c4 {[%clk 0:00:21]} a5
{[%clk 0:00:10]} 41. d5 {[%clk 0:00:22]} Ng6 {[%clk 0:00:09]} 42. Rh7+ {[%clk
0:00:23]} Kc8 {[%clk 0:00:09]} 43. e6 {[%clk 0:00:23]} Ne5 {[%clk 0:00:09]} 44.
b3 {[%clk 0:00:15]} a4 {[%clk 0:00:09]} 45. Ra7 {[%clk 0:00:19]} Kb8 {[%clk
0:00:13]} 46. Rxa4 {[%clk 0:00:19]} cxd5 {[%clk 0:00:05]} 47. cxd5 {[%clk
0:00:20]} Rf8 {[%clk 0:00:05]} 48. Kd4 {[%clk 0:00:20]}  1-0